טוען...

Tsingtao /

מידע ביבליוגרפי
מחבר ראשי: Gopakumar, T.N
פורמט: Printed Book
שפה:Malayalam
יצא לאור: Kozhikode : Mathrubhumi Books , 2010 .
מהדורה:2nd ed.
נושאים:
LEADER 00597nam a22001817a 4500
008 200124b ||||| |||| 00| 0 mal d
999 |c 347973  |d 347973 
020 |a 9788182647367 
082 |a 915.1 
100 |a Gopakumar, T.N. 
245 |a Tsingtao /  |c T.N. Gopakumar . 
250 |a 2nd ed. 
260 |a Kozhikode :  |b Mathrubhumi Books ,  |c 2010 . 
300 |a 39p. ;  |c 20cm. 
546 |a In Malayalam 
650 |a Travalogue  |z China 
942 |c BK 
952 |0 0  |1 0  |2 ddc  |4 0  |6 915_100000000000000_GOP_T_M  |7 0  |9 401131  |a LLE  |b LLE  |c ST1  |d 2020-01-24  |g 30.00  |i 2430  |l 0  |o 915.1 GOP/T M  |p LLE2430  |r 2020-01-24  |w 2020-01-24  |y BK